[Event "XXIII C.to Italiano femminile"]
[Site "Mantova ITA"]
[Date "1996.11.??"]
[Round "1"]
[White "Sirletti, Sonia"]
[Black "Goi, Veronika"]
[Result "0-1"]
[WhiteElo "1531"]
[BlackElo "1567"]
[PlyCount "71"]
[EventDate "1996.11.23"]

1. d4 d5 2. c4 Nc6 3. Nc3 Nf6 4. cxd5 Nxd5 5. e4 Nxc3 6. bxc3 e6 7. Nf3 h6 8.
Bc4 Bd7 9. O-O Bd6 10. d5 exd5 11. exd5 Ne7 12. Re1 O-O 13. Rb1 Rb8 14. Bb3 Bg4
15. h3 Bh5 16. Bb2 Bg6 17. Rc1 Bf4 18. Ba3 Re8 19. Ra1 Nf5 20. c4 Rxe1+ 21.
Qxe1 c6 22. Rd1 Qe8 23. Ba4 Qxe1+ 24. Rxe1 b5 25. cxb5 cxb5 26. Bb3 a5 27. Bc5
Rc8 28. Be3 Bd6 29. Nd4 Nxd4 30. Bxd4 a4 31. Bd1 Bb4 32. Re3 Rc1 33. Re8+ Kh7
34. Be3 Rxd1+ 35. Kh2 Rxd5 36. Rb8 0-1

[Event "XXIII C.to Italiano femminile"]
[Site "Mantova ITA"]
[Date "1996.11.??"]
[Round "1"]
[White "Varinelli, Sara"]
[Black "Fittante, Giuliana"]
[Result "1/2-1/2"]
[WhiteElo "1591"]
[BlackElo "1707"]
[PlyCount "30"]
[EventDate "1996.11.23"]

1. e4 e5 2. Nf3 Nf6 3. Nxe5 d6 4. Nf3 Nxe4 5. d3 Nf6 6. Nc3 Be7 7. Be2 Nc6 8.
O-O Bf5 9. h3 Qd7 10. Be3 O-O-O 11. Nd4 Nxd4 12. Bxd4 Kb8 13. Bf3 h5 14. Nd5
Nxd5 15. Bxd5 Bf6 1/2-1/2

[Event "XXIII C.to Italiano femminile"]
[Site "Mantova ITA"]
[Date "1996.11.??"]
[Round "2"]
[White "Goi, Veronika"]
[Black "Fittante, Giuliana"]
[Result "1-0"]
[WhiteElo "1567"]
[BlackElo "1707"]
[PlyCount "73"]
[EventDate "1996.11.23"]

1. e4 e5 2. Nf3 Nf6 3. Bc4 Nxe4 4. d3 Nf6 5. Nxe5 d5 6. Bb3 Bd6 7. O-O O-O 8.
d4 Nbd7 9. Re1 h6 10. Nd2 c6 11. Ndf3 Ne4 12. c4 Nxe5 13. dxe5 Bb4 14. Re2 Be6
15. Bf4 Ba5 16. cxd5 cxd5 17. Nd2 Nc5 18. Re3 d4 19. Rg3 Qh4 20. Qf3 Bxd2 21.
Bxd2 Bxb3 22. Rg4 Qd8 23. axb3 Kh7 24. Qg3 Ne6 25. Qd3+ Kh8 26. Qh3 Kh7 27. Rh4
Ng5 28. Qd3+ f5 29. exf6+ Kg8 30. Bxg5 hxg5 31. Qh7+ Kf7 32. Qxg7+ Ke6 33. Re1+
Kd5 34. Qxg5+ Kc6 35. Rc1+ Kb6 36. Qc5+ Ka6 37. Ra1+ 1-0

[Event "XXIII C.to Italiano femminile"]
[Site "Mantova ITA"]
[Date "1996.11.??"]
[Round "2"]
[White "Riegler, Alessandra"]
[Black "Varinelli, Sara"]
[Result "1-0"]
[WhiteElo "1840"]
[BlackElo "1591"]
[PlyCount "59"]
[EventDate "1996.11.23"]

1. e4 e5 2. Nf3 Nc6 3. Bb5 Nge7 4. O-O a6 5. Bc4 Ng6 6. d4 Be7 7. Nc3 d6 8. h3
O-O 9. Be3 Kh8 10. dxe5 Ngxe5 11. Nxe5 Nxe5 12. Bb3 f5 13. f4 Ng6 14. Qh5 fxe4
15. f5 Nh4 16. g4 Nf3+ 17. Rxf3 exf3 18. Bf7 Rxf7 19. Qxf7 Qf8 20. Qd5 Bf6 21.
Qxf3 Bxc3 22. bxc3 g6 23. Qd5 c5 24. Bf4 h6 25. Bxd6 Qe8 26. Be5+ Kh7 27. fxg6+
Qxg6 28. Rf1 Qe6 29. Rf7+ Kg6 30. Rg7# 1-0

[Event "XXIII C.to Italiano femminile"]
[Site "Mantova ITA"]
[Date "1996.11.??"]
[Round "3"]
[White "Fittante, Giuliana"]
[Black "Riegler, Alessandra"]
[Result "0-1"]
[WhiteElo "1707"]
[BlackElo "1840"]
[PlyCount "64"]
[EventDate "1996.11.23"]

1. d4 g6 2. c4 Bg7 3. Nc3 Nf6 4. e4 d6 5. Nf3 Nbd7 6. Be2 O-O 7. O-O e5 8. d5
Nc5 9. Qc2 Ne8 10. b4 Nd7 11. Bb2 c5 12. dxc6 bxc6 13. Rad1 Qe7 14. b5 Bb7 15.
bxc6 Bxc6 16. Nb5 Nc5 17. Nc3 Nf6 18. Bd3 Qb7 19. Rfe1 Qb4 20. a3 Qb7 21. Ba1
Rab8 22. Rb1 Qd7 23. Qe2 Nh5 24. Bc2 Nf4 25. Qf1 Qg4 26. Red1 Rxb1 27. Bxb1 f5
28. Rxd6 Bxe4 29. Nxe4 Nxe4 30. Bxe4 fxe4 31. Nd2 Nh3+ 32. Kh1 Nxf2+ 0-1

[Event "XXIII C.to Italiano femminile"]
[Site "Mantova ITA"]
[Date "1996.11.??"]
[Round "3"]
[White "Varinelli, Sara"]
[Black "Sirletti, Sonia"]
[Result "1/2-1/2"]
[WhiteElo "1591"]
[BlackElo "1531"]
[PlyCount "53"]
[EventDate "1996.11.23"]

1. e4 e6 2. d4 d5 3. exd5 exd5 4. Nf3 Bd6 5. Bd3 Ne7 6. Bg5 O-O 7. O-O f6 8.
Bh4 Bf5 9. Bg3 Nbc6 10. Bxd6 Qxd6 11. Bxf5 Nxf5 12. c3 Rfe8 13. Re1 Re7 14.
Rxe7 Ncxe7 15. Nbd2 Re8 16. Qa4 Nc6 17. Qc2 Qd7 18. Nb3 b6 19. Kf1 Nd6 20. Re1
Rxe1+ 21. Kxe1 Qe6+ 22. Kf1 Qe4 23. Qxe4 Nxe4 24. Nbd2 Nxd2+ 25. Nxd2 Kf7 26.
Ke2 Ke6 27. Ke3 1/2-1/2

[Event "XXIII C.to Italiano femminile"]
[Site "Mantova ITA"]
[Date "1996.11.??"]
[Round "4"]
[White "Goi, Veronika"]
[Black "Riegler, Alessandra"]
[Result "0-1"]
[WhiteElo "1567"]
[BlackElo "1840"]
[PlyCount "92"]
[EventDate "1996.11.23"]

1. e4 c5 2. Nf3 d6 3. d4 cxd4 4. Nxd4 Nf6 5. Nc3 g6 6. Bd2 Bg7 7. Nb3 O-O 8.
Be2 Nc6 9. Qc1 Be6 10. Bh6 Rc8 11. Bxg7 Kxg7 12. Nd2 Nd4 13. Bd3 Qa5 14. Nb3
Bxb3 15. axb3 Qc5 16. O-O a6 17. Ra4 Rfe8 18. Qe3 Ne6 19. Qxc5 Nxc5 20. Raa1
Nxd3 21. cxd3 e5 22. b4 Rc6 23. b5 axb5 24. Nxb5 Rb6 25. Nc7 Re7 26. Na8 Rxb2
27. Rfb1 Rd2 28. Rd1 Rxd1+ 29. Rxd1 b5 30. Nb6 Rb7 31. Nc8 Ne8 32. f3 Kf6 33.
d4 Ke6 34. dxe5 dxe5 35. Rd8 Rb8 36. Rxe8+ Kd7 37. Rxe5 Kxc8 38. Re8+ Kc7 39.
Re7+ Kd6 40. Rxf7 b4 41. Ra7 b3 42. Ra1 Kc5 43. Rc1+ Kb4 44. Kf2 b2 45. Re1 Rc8
46. Re2 b1=Q 0-1

[Event "XXIII C.to Italiano femminile"]
[Site "Mantova ITA"]
[Date "1996.11.??"]
[Round "4"]
[White "Sirletti, Sonia"]
[Black "Fittante, Giuliana"]
[Result "1-0"]
[WhiteElo "1531"]
[BlackElo "1707"]
[PlyCount "119"]
[EventDate "1996.11.23"]

1. d4 d5 2. c4 e6 3. Nc3 Nf6 4. Bg5 Nbd7 5. Nf3 c6 6. e3 Qa5 7. Bxf6 Nxf6 8.
Nd2 Bb4 9. Qc2 Ne4 10. Ndxe4 dxe4 11. Be2 e5 12. O-O Bxc3 13. bxc3 Bf5 14. Rfd1
exd4 15. cxd4 O-O 16. Rab1 Qc7 17. Qb3 Rab8 18. a4 Bg6 19. d5 cxd5 20. cxd5 Qe5
21. d6 Rfd8 22. Qd5 Qxd5 23. Rxd5 f6 24. Rc1 Be8 25. Bb5 Bf7 26. Rd4 a6 27. Bc4
Bxc4 28. Rcxc4 b5 29. axb5 Rxb5 30. g4 Rb6 31. d7 Rbb8 32. Rc7 h5 33. Rxe4 hxg4
34. Rxg4 Kf7 35. h4 g6 36. Kg2 Rb2 37. Rd4 Ke6 38. Rc6+ Ke7 39. Rxa6 Rb7 40.
Rad6 Rdxd7 41. Rxd7+ Rxd7 42. Rxd7+ Kxd7 43. Kg3 Ke6 44. Kf4 Kf7 45. Ke4 Kg7
46. f3 Kh6 47. Kf4 Kh5 48. Kg3 Kh6 49. e4 g5 50. f4 gxh4+ 51. Kxh4 Kg6 52. Kg3
Kf7 53. Kf3 Ke6 54. Ke3 Kd6 55. Kd4 Ke6 56. Kc5 Ke7 57. Kc6 Ke6 58. Kc7 Kf7 59.
Kd7 Kg6 60. Ke7 1-0

[Event "XXIII C.to Italiano femminile"]
[Site "Mantova ITA"]
[Date "1996.11.??"]
[Round "5"]
[White "Riegler, Alessandra"]
[Black "Sirletti, Sonia"]
[Result "1/2-1/2"]
[WhiteElo "1840"]
[BlackElo "1531"]
[PlyCount "29"]
[EventDate "1996.11.23"]

1. e4 e6 2. d4 d5 3. Nc3 dxe4 4. Nxe4 Bd7 5. Nf3 Bc6 6. Bd3 Nd7 7. O-O Ngf6 8.
Ng3 Be7 9. c3 O-O 10. Bf4 Bxf3 11. Qxf3 Nd5 12. Be5 Bf6 13. Bxf6 N7xf6 14. Ne4
Nxe4 15. Bxe4 1/2-1/2

[Event "XXIII C.to Italiano femminile"]
[Site "Mantova ITA"]
[Date "1996.11.??"]
[Round "5"]
[White "Varinelli, Sara"]
[Black "Goi, Veronika"]
[Result "0-1"]
[WhiteElo "1591"]
[BlackElo "1567"]
[PlyCount "120"]
[EventDate "1996.11.23"]

1. e4 d5 2. exd5 Qxd5 3. d4 Nc6 4. Be3 e5 5. Ne2 Bf5 6. Nbc3 Bb4 7. a3 Bxc3+ 8.
Nxc3 Qd7 9. Bb5 a6 10. Bxc6 Qxc6 11. O-O O-O-O 12. Qh5 g6 13. Qh4 exd4 14. Bxd4
f6 15. Ne2 g5 16. Qg3 h5 17. Rac1 h4 18. Qc3 Qd5 19. Rcd1 h3 20. f3 hxg2 21.
Rfe1 Qd6 22. Ng3 Bd7 23. Be5 Qc6 24. Bd4 Rh3 25. Qxc6 Bxc6 26. Kxg2 g4 27. Rd3
f5 28. Nxf5 Bxf3+ 29. Kg1 Rf8 30. Ne7+ Nxe7 31. Rxe7 g3 32. hxg3 Rh1+ 33. Kf2
Be4+ 34. Ke2 Bxd3+ 35. Kxd3 Rd1+ 36. Kc3 Rf3+ 37. Re3 Rxe3+ 38. Bxe3 Kd7 39. g4
Ke6 40. g5 Kf5 41. Kc4 Re1 42. Bd2 b5+ 43. Kd3 Rb1 44. Kc3 c5 45. Kb3 Rd1 46.
Kc3 a5 47. Kd3 c4+ 48. Kc3 b4+ 49. axb4 axb4+ 50. Kxb4 Rxd2 51. Kxc4 Rxc2+ 52.
Kb3 Rc8 53. Ka4 Ra8+ 54. Kb4 Kxg5 55. b3 Kf5 56. Kc5 Rc8+ 57. Kb5 Ke5 58. b4
Kd5 59. Ka6 Rb8 60. b5 Kc5 0-1

[Event "XXIII C.to Italiano femminile"]
[Site "Mantova ITA"]
[Date "1996.11.??"]
[Round "6"]
[White "Fittante, Giuliana"]
[Black "Varinelli, Sara"]
[Result "1/2-1/2"]
[WhiteElo "1707"]
[BlackElo "1591"]
[PlyCount "66"]
[EventDate "1996.11.23"]

1. d4 d5 2. c4 e6 3. Nc3 Nf6 4. Bg5 Be7 5. e3 O-O 6. Nf3 Nbd7 7. Rc1 c6 8. a3
h6 9. Bh4 Re8 10. Bd3 dxc4 11. Bxc4 Nd5 12. Bxe7 Qxe7 13. O-O N7f6 14. Ne5 Nd7
15. Nxd7 Bxd7 16. Qf3 Rad8 17. Ne4 Bc8 18. Ng3 Qg5 19. Ne4 Qe7 20. Nc3 Qg5 21.
Nxd5 exd5 22. Bd3 Rd6 23. Qg3 Qxg3 24. hxg3 Re7 25. b4 a6 26. a4 Be6 27. b5
cxb5 28. axb5 axb5 29. Bxb5 Rb6 30. Rc5 g6 31. Rfc1 Kg7 32. Be2 Kf6 33. Bf3 Rd7
1/2-1/2

[Event "XXIII C.to Italiano femminile"]
[Site "Mantova ITA"]
[Date "1996.11.??"]
[Round "6"]
[White "Goi, Veronika"]
[Black "Sirletti, Sonia"]
[Result "0-1"]
[WhiteElo "1567"]
[BlackElo "1531"]
[PlyCount "124"]
[EventDate "1996.11.23"]

1. e4 e6 2. d4 d5 3. e5 c5 4. c3 Qb6 5. Nf3 Bd7 6. Be2 cxd4 7. cxd4 Bb5 8. Nc3
Bb4 9. Bd2 Bxe2 10. Qxe2 Qa6 11. Qxa6 Nxa6 12. Nb5 Bxd2+ 13. Nxd2 Nb4 14. O-O
Ke7 15. a3 Nc6 16. Nf3 Nh6 17. Nd6 f6 18. Nxb7 Rab8 19. Rac1 Nxe5 20. Rc7+ Nd7
21. Nc5 Rhd8 22. Re1 Kd6 23. Rxa7 Nxc5 24. dxc5+ Kxc5 25. Rxe6 Nf5 26. b4+ Kc4
27. Rc7+ Kb3 28. g4 Nd6 29. Re3+ Kb2 30. Nd4 Nc4 31. Rb3+ Ka2 32. a4 Re8 33.
Rxg7 Re4 34. Rd3 Rxb4 35. f3 Re1+ 36. Kf2 Nb2 37. Rd2 Rd1 38. Rxd1 Nxd1+ 39.
Ke1 Rxd4 40. Rxh7 Nc3 41. h4 Rd1+ 42. Kf2 d4 43. a5 Kb3 44. a6 Ra1 45. Rb7+ Kc2
46. Rd7 d3 47. Ke3 Nd1+ 48. Kf4 Rxa6 49. h5 d2 50. h6 Nf2 51. h7 Nd3+ 52. Rxd3
Kxd3 53. h8=Q d1=Q 54. Qh7+ Kd2 55. Qd7+ Ke1 56. Qe7+ Kf1 57. Qb7 Qd6+ 58. Kf5
Ra5+ 59. Ke4 Qe5+ 60. Kd3 Rd5+ 61. Kc2 Rc5+ 62. Kd3 Rc3+ 0-1

[Event "XXIII C.to Italiano femminile"]
[Site "Mantova ITA"]
[Date "1996.11.??"]
[Round "7"]
[White "Fittante, Giuliana"]
[Black "Goi, Veronika"]
[Result "0-1"]
[WhiteElo "1707"]
[BlackElo "1567"]
[PlyCount "102"]
[EventDate "1996.11.23"]

1. d4 d5 2. c4 Nc6 3. Nc3 Nf6 4. cxd5 Nxd5 5. e4 Nxc3 6. bxc3 e6 7. Nf3 g6 8.
Bb5 Bd7 9. O-O Bg7 10. Ba3 Ne7 11. Bc4 c6 12. Qb3 b5 13. Bd3 O-O 14. Rad1 Re8
15. Rfe1 a5 16. Bc5 Qc7 17. Qa3 Nc8 18. Qb2 Nb6 19. Qe2 Na4 20. Qd2 Nxc5 21.
dxc5 Red8 22. e5 Be8 23. Qe3 Rd5 24. c4 bxc4 25. Bxc4 Rdd8 26. Ng5 Rxd1 27.
Rxd1 Qxe5 28. Qxe5 Bxe5 29. Ne4 Bc7 30. g3 Kf8 31. Kf1 Bd8 32. h4 Be7 33. Ke1
Rb8 34. Bb3 Rb5 35. Rc1 Rb4 36. Nd6 Rd4 37. Nc8 a4 38. Bd1 Bd8 39. Bf3 Ba5+ 40.
Kf1 Rd2 41. Na7 Rxa2 42. Nxc6 Bxc6 43. Bxc6 a3 44. Be4 Rb2 45. c6 a2 46. Kg2
Bb6 47. Bd3 Rxf2+ 48. Kh3 Bc7 49. Be4 Re2 50. Bf3 Re3 51. Kg2 Ra3 0-1

[Event "XXIII C.to Italiano femminile"]
[Site "Mantova ITA"]
[Date "1996.11.??"]
[Round "7"]
[White "Varinelli, Sara"]
[Black "Riegler, Alessandra"]
[Result "0-1"]
[WhiteElo "1591"]
[BlackElo "1840"]
[PlyCount "114"]
[EventDate "1996.11.23"]

1. e4 c5 2. Nf3 d6 3. d4 cxd4 4. Nxd4 Nf6 5. Nc3 g6 6. Be2 Bg7 7. O-O O-O 8.
Be3 Nc6 9. Qe1 Bd7 10. Rd1 Rc8 11. f4 a6 12. Qg3 Nxd4 13. Bxd4 Bc6 14. Bf3 Qa5
15. f5 Qb4 16. Nd5 Bxd5 17. exd5 Ne4 18. Bxe4 Bxd4+ 19. Kh1 Bxb2 20. Bd3 Be5
21. Qg5 Bf6 22. Qh6 Qh4 23. Qxh4 Bxh4 24. fxg6 hxg6 25. Rb1 b5 26. a4 bxa4 27.
Ra1 a3 28. Rxa3 Rc5 29. Rxa6 Rxd5 30. Ra4 Bf6 31. Raf4 Rh5 32. h3 Kg7 33. Be2
Rc5 34. Bd3 Rh5 35. Be2 Rc5 36. Bd3 Bc3 37. Be4 d5 38. Bd3 e5 39. Ra4 e4 40.
Be2 Be5 41. Bd1 Bg3 42. Ra7 e3 43. Re7 Bf2 44. g4 d4 45. Kg2 Rd8 46. Kf3 Rh8
47. Kg2 Rb8 48. Kf3 Rb2 49. Ke2 Rcxc2+ 50. Bxc2 Rxc2+ 51. Kf3 Bh4 52. Re4 Rd2
53. Re8 Rh2 54. Re4 Rxh3+ 55. Ke2 Rh2+ 56. Kd3 Rd2+ 57. Kc4 e2 0-1

[Event "XXIII C.to Italiano femminile"]
[Site "Mantova ITA"]
[Date "1996.11.??"]
[Round "8"]
[White "Riegler, Alessandra"]
[Black "Fittante, Giuliana"]
[Result "0-1"]
[WhiteElo "1840"]
[BlackElo "1707"]
[PlyCount "88"]
[EventDate "1996.11.23"]

1. e4 e5 2. Nf3 Nf6 3. Nxe5 d6 4. Nf3 Nxe4 5. d4 d5 6. Bd3 Be7 7. O-O Nc6 8. a3
O-O 9. c4 Nf6 10. h3 dxc4 11. Bxc4 Nd5 12. Nc3 Be6 13. Bd3 Bf6 14. Be3 g6 15.
Qd2 Nxe3 16. fxe3 Bg7 17. Rad1 Ne7 18. Qf2 Bb3 19. Bc2 Bxc2 20. Qxc2 Nf5 21.
Qf2 Qe7 22. e4 Nd6 23. Rfe1 c6 24. Qe2 Qc7 25. e5 Nf5 26. Ne4 Rae8 27. g4 Ne7
28. Nd6 Rd8 29. Qf2 f6 30. Qe2 fxe5 31. dxe5 Nd5 32. Nc4 Nf4 33. Qh2 Rxd1 34.
Rxd1 b5 35. Nd6 Qb6+ 36. Kh1 Qe3 37. Rf1 Nd3 38. Qg2 Nxe5 39. Nxe5 Bxe5 40.
Rxf8+ Kxf8 41. Qf1+ Qf4 42. Qxf4+ Bxf4 43. Ne4 Bc1 44. a4 Bxb2 0-1

[Event "XXIII C.to Italiano femminile"]
[Site "Mantova ITA"]
[Date "1996.11.??"]
[Round "8"]
[White "Sirletti, Sonia"]
[Black "Varinelli, Sara"]
[Result "0-1"]
[WhiteElo "1531"]
[BlackElo "1591"]
[PlyCount "114"]
[EventDate "1996.11.23"]

1. d4 d5 2. c4 e6 3. Nc3 Nf6 4. Bg5 Be7 5. e3 Nbd7 6. Nf3 h6 7. Bh4 O-O 8. Rc1
c6 9. Bd3 Re8 10. O-O dxc4 11. Bxc4 Nd5 12. Bxe7 Qxe7 13. Nxd5 exd5 14. Bd3 Nf6
15. h3 Ne4 16. Qc2 Qf6 17. Ne5 Nd6 18. b4 a6 19. a4 Bf5 20. Bxf5 Nxf5 21. Nd7
Qg5 22. Kh1 Re7 23. Ne5 Nd6 24. Rb1 Re6 25. Nf3 Qh5 26. Kh2 Ne4 27. b5 cxb5 28.
axb5 a5 29. Qc7 b6 30. Rbc1 g5 31. g4 Qg6 32. Rc6 Rxc6 33. Qxc6 Qxc6 34. bxc6
Rc8 35. Ne5 f6 36. f3 fxe5 37. fxe4 Rxc6 38. exd5 Rd6 39. e4 exd4 40. Rd1 Kg7
41. Rxd4 Kf6 42. Kg3 b5 43. Kf3 Ke5 44. Rd1 a4 45. Rc1 a3 46. Ke3 b4 47. Kd3 a2
48. Rf1 Rf6 49. Ra1 b3 50. Kc3 Rb6 51. Kb2 Kxe4 52. Rd1 Ke5 53. Rd3 Ra6 54. Rd1
a1=Q+ 55. Rxa1 Rxa1 56. Kxa1 Kxd5 57. Kb2 Kc4 0-1

[Event "XXIII C.to Italiano femminile"]
[Site "Mantova ITA"]
[Date "1996.11.??"]
[Round "9"]
[White "Fittante, Giuliana"]
[Black "Sirletti, Sonia"]
[Result "1-0"]
[WhiteElo "1707"]
[BlackElo "1531"]
[PlyCount "83"]
[EventDate "1996.11.23"]

1. Nf3 Nf6 2. c4 g6 3. Nc3 Bg7 4. g3 O-O 5. Bg2 d6 6. d3 e5 7. O-O Nc6 8. Bd2
Re8 9. Qc1 e4 10. Ng5 exd3 11. exd3 Ne5 12. Qc2 Bf5 13. Nce4 h6 14. Nxf6+ Qxf6
15. Ne4 Qe6 16. f4 Nxc4 17. Rfe1 Nxd2 18. Nxd2 Qf6 19. Qxc7 Qd4+ 20. Kh1 Qxd3
21. Red1 Re2 22. Nc4 Qc2 23. Rac1 Rae8 24. Rxc2 Re1+ 25. Bf1 Rxd1 26. Nxd6 Be6
27. Kg2 Bd5+ 28. Kh3 Be6+ 29. f5 gxf5 30. Be2 f4+ 31. Bg4 Bxg4+ 32. Kxg4 h5+
33. Kxh5 Re5+ 34. Kg4 f6 35. Qf7+ Kh7 36. Nf5 Rxf5 37. Kxf5 fxg3 38. hxg3 Rf1+
39. Ke6 Re1+ 40. Kd7 Rd1+ 41. Kc7 Rd6 42. Kxd6 1-0

[Event "XXIII C.to Italiano femminile"]
[Site "Mantova ITA"]
[Date "1996.11.??"]
[Round "9"]
[White "Riegler, Alessandra"]
[Black "Goi, Veronika"]
[Result "0-1"]
[WhiteElo "1840"]
[BlackElo "1567"]
[PlyCount "85"]
[EventDate "1996.11.23"]

1. e4 c6 2. d4 d5 3. Nc3 dxe4 4. Nxe4 Bf5 5. Ng3 Bg6 6. Nf3 h6 7. Ne5 Bh7 8.
Bc4 e6 9. Qh5 Qf6 10. c3 Bd6 11. O-O Ne7 12. f4 O-O 13. Bd2 Nd5 14. Rae1 Qe7
15. f5 Bxe5 16. dxe5 Qc5+ 17. Kh1 Qxc4 18. Re4 Qc5 19. Rg4 Ne3 20. Rxg7+ Kxg7
21. f6+ Kh8 22. Qxh6 Rg8 23. Bxe3 Qxe5 24. Rd1 Na6 25. Bf4 Qc5 26. Ne4 Qf5 27.
Ng5 Qg6 28. Qh4 Rad8 29. Rg1 Rd5 30. Nf3 Rh5 31. Qe1 Rf5 32. Nh4 Qg4 33. Nxf5
Bxf5 34. Bh6 Nc7 35. Bg7+ Rxg7 36. fxg7+ Kh7 37. Qe5 Nd5 38. c4 Nf4 39. h3 Nxh3
40. gxh3 Qxh3+ 41. Qh2 Be4+ 42. Rg2 Bxg2+ 43. Kg1 0-1

[Event "XXIII C.to Italiano femminile"]
[Site "Mantova ITA"]
[Date "1996.11.??"]
[Round "10"]
[White "Goi, Veronika"]
[Black "Varinelli, Sara"]
[Result "0-1"]
[WhiteElo "1567"]
[BlackElo "1591"]
[PlyCount "120"]
[EventDate "1996.11.23"]

1. e4 e5 2. Nf3 Nc6 3. Bc4 d6 4. h3 Be7 5. Nc3 Nf6 6. d4 O-O 7. O-O h6 8. Be3
Nh7 9. Qe2 Ng5 10. Nxg5 Bxg5 11. dxe5 Bxe3 12. Qxe3 Nxe5 13. Be2 f5 14. f4 Ng6
15. Bc4+ Kh8 16. Qg3 Ne7 17. Qh4 fxe4 18. Rad1 Nf5 19. Qxd8 Rxd8 20. Rfe1 e3
21. g4 Nh4 22. Rxe3 Ng6 23. Rf1 Bd7 24. Bd3 Nf8 25. f5 Re8 26. Ref3 Bc6 27. Rg3
Re5 28. h4 Rae8 29. Kf2 Nd7 30. Rfg1 Nc5 31. Bf1 Ne4+ 32. Nxe4 Rxe4 33. Rc3
Rf4+ 34. Kg3 Rfe4 35. Bg2 Re3+ 36. Rxe3 Rxe3+ 37. Kf2 Re5 38. Bxc6 bxc6 39. Re1
Kg8 40. Rxe5 dxe5 41. Ke3 Kf7 42. Ke4 Kf6 43. a3 c5 44. b3 a6 45. c3 a5 46. Kd5
h5 47. Ke4 hxg4 48. c4 g3 49. Kf3 Kxf5 50. Kxg3 e4 51. Kf2 Kf4 52. h5 e3+ 53.
Ke2 Ke4 54. a4 c6 55. Ke1 Kd3 56. Kd1 e2+ 57. Ke1 Ke3 58. h6 gxh6 59. b4 cxb4
60. c5 Kd4 0-1

[Event "XXIII C.to Italiano femminile"]
[Site "Mantova ITA"]
[Date "1996.11.??"]
[Round "10"]
[White "Sirletti, Sonia"]
[Black "Riegler, Alessandra"]
[Result "1/2-1/2"]
[WhiteElo "1531"]
[BlackElo "1840"]
[PlyCount "89"]
[EventDate "1996.11.23"]

1. d4 g6 2. c4 Bg7 3. Nf3 Nf6 4. Nc3 d6 5. e4 O-O 6. Be2 Nbd7 7. O-O e5 8. d5
Nc5 9. Qc2 a5 10. Rb1 Ne8 11. a3 a4 12. Be3 Bd7 13. Nd2 b6 14. f4 exf4 15. Bxf4
f5 16. Bd3 fxe4 17. Ndxe4 Nxd3 18. Qxd3 Bf5 19. Qe3 Kh8 20. Rbe1 Nf6 21. Ng5
Ng4 22. Qe2 Ne5 23. Ne6 Bxe6 24. dxe6 c6 25. Ne4 Ra5 26. Ng5 Rxf4 27. Rxf4 Qxg5
28. Ref1 Qe7 29. Qf2 Ra8 30. Qxb6 Qxe6 31. Qb7 Qe8 32. Qc7 Rd8 33. Qa7 c5 34.
Qb7 Qe6 35. Re4 Qe8 36. Qa7 Ra8 37. Qc7 Qd8 38. Qb7 Rb8 39. Qa7 Rxb2 40. Qxa4
h5 41. Qa7 Qg8 42. Qc7 Qb8 43. Qe7 Rb1 44. Ref4 Rxf1+ 45. Rxf1 1/2-1/2

[Event "IV C.to Italiano U21"]
[Site "Laveno-Mombello ITA"]
[Date "1996.07.??"]
[Round "?"]
[White "Aranovitch, Emiliano"]
[Black "Loche, Roberto"]
[Result "1-0"]
[WhiteElo "2185"]
[BlackElo "1762"]
[PlyCount "83"]
[EventDate "1996.07.27"]

1. e4 e5 2. Nf3 Nc6 3. Bb5 Nd4 4. Bc4 Bc5 5. b4 Bb6 6. O-O d5 7. exd5 Bg4 8.
Be2 Qxd5 9. Nxd4 Bxd4 10. c3 Bxe2 11. Qxe2 Bb6 12. c4 Qd4 13. c5 a5 14. cxb6
axb4 15. d3 Qxa1 16. Bb2 Qxa2 17. Qxe5+ Ne7 18. Re1 Qe6 19. Qb5+ Qc6 20. Qxb4
O-O 21. Rxe7 Rfe8 22. Rxe8+ Rxe8 23. h3 Qxb6 24. Qxb6 cxb6 25. Kf1 Rc8 26. Nc3
b5 27. Nxb5 Rc2 28. Bc3 Kf8 29. g3 Ke7 30. Bxg7 Rd2 31. d4 Rb2 32. Nc3 b5 33.
d5 b4 34. Ne4 Ra2 35. d6+ Kd7 36. Be5 b3 37. Nc5+ Kc6 38. Nxb3 f6 39. Bf4 Rb2
40. Nc1 Kd7 41. Nd3 Rb1+ 42. Kg2 1-0

[Event "IV C.to Italiano U21"]
[Site "Laveno-Mombello ITA"]
[Date "1996.07.??"]
[Round "?"]
[White "Aranovitch, Emiliano"]
[Black "Salvaggio, Salvatore"]
[Result "1-0"]
[WhiteElo "2185"]
[BlackElo "1609"]
[PlyCount "25"]
[EventDate "1996.07.27"]

1. e4 c5 2. Nf3 e6 3. d4 cxd4 4. Nxd4 Nf6 5. Nc3 d6 6. g4 h6 7. h4 Nfd7 8. g5
h5 9. g6 Ne5 10. gxf7+ Nxf7 11. Bb5+ Bd7 12. Nxe6 Qb6 13. Nd5 1-0

[Event "IV C.to Italiano U21"]
[Site "Laveno-Mombello ITA"]
[Date "1996.07.??"]
[Round "?"]
[White "Aranovitch, Emiliano"]
[Black "Schacher, Gerd"]
[Result "0-1"]
[WhiteElo "2185"]
[BlackElo "2235"]
[PlyCount "74"]
[EventDate "1996.07.27"]

1. e4 c5 2. Nf3 d6 3. d4 cxd4 4. Nxd4 Nf6 5. Nc3 a6 6. Be3 e5 7. Nb3 Be7 8. f3
Be6 9. Qd2 O-O 10. O-O-O a5 11. a4 Nc6 12. g4 Nb4 13. Qf2 Qb8 14. g5 Nh5 15.
Kb1 Rc8 16. h4 d5 17. exd5 Rxc3 18. dxe6 Rxc2 19. Rd2 Rxd2 20. exf7+ Kh8 21.
Qxd2 Ng3 22. Rg1 Nxf1 23. Rxf1 Qc8 24. Rc1 Qf5+ 25. Ka1 Qxf7 26. Qc3 Qe8 27.
Kb1 Qxa4 28. Rd1 Qe8 29. Qxe5 Qf7 30. Bd4 a4 31. Nc1 a3 32. bxa3 Rxa3 33. Bb2
Rxf3 34. Qe4 Bf8 35. Rd8 Rf4 36. Qe5 Rf5 37. Qc5 Rxc5 0-1

[Event "IV C.to Italiano U21"]
[Site "Laveno-Mombello ITA"]
[Date "1996.07.??"]
[Round "?"]
[White "Arnetta, Maria Teresa"]
[Black "Perrone, Giorgio"]
[Result "1-0"]
[WhiteElo "1708"]
[BlackElo "1609"]
[PlyCount "93"]
[EventDate "1996.07.27"]

1. e4 g6 2. d4 Bg7 3. c3 d6 4. Nf3 Nf6 5. Bd3 Nbd7 6. O-O O-O 7. h3 c5 8. Re1
Qc7 9. Bg5 e6 10. Nbd2 b6 11. a3 Bb7 12. e5 dxe5 13. dxe5 Ne8 14. Be7 Nxe5 15.
Bxf8 Nxd3 16. Re3 Nxb2 17. Qb3 Kxf8 18. Qxb2 Rd8 19. Qc2 Nf6 20. Rd3 Rxd3 21.
Qxd3 Ke7 22. Re1 Qd7 23. Qc2 Ne8 24. Rd1 Qc7 25. Ne1 Bc6 26. Ndf3 Nd6 27. Nd2
Qd7 28. Nc4 Ba4 29. Rxd6 Qxd6 30. Qxa4 Qd7 31. Qc2 Qd5 32. Ne3 Qe5 33. Qa4 a5
34. c4 Qd6 35. Nf3 h6 36. Qc2 Kd7 37. Kf1 Bd4 38. Ke2 Bg7 39. Qd3 Qxd3+ 40.
Kxd3 f5 41. a4 Kd6 42. g3 g5 43. Nd2 Bf6 44. g4 f4 45. Ne4+ Ke7 46. Nxf6 Kxf6
47. Nc2 1-0

[Event "IV C.to Italiano U21"]
[Site "Laveno-Mombello ITA"]
[Date "1996.07.??"]
[Round "?"]
[White "Arnetta, Maria Teresa"]
[Black "Salvaggio, Salvatore"]
[Result "0-1"]
[WhiteElo "1708"]
[BlackElo "1609"]
[PlyCount "90"]
[EventDate "1996.07.27"]

1. e4 c5 2. c3 d5 3. exd5 Qxd5 4. d4 e6 5. Nf3 Nf6 6. Be2 Nc6 7. O-O cxd4 8.
cxd4 Be7 9. Nc3 Qd7 10. Ne5 Qxd4 11. Nxc6 Qxd1 12. Rxd1 bxc6 13. Bf3 Nd5 14.
Be3 O-O 15. Rac1 Rb8 16. b3 Rb7 17. Ne4 Rc7 18. Bc5 Bxc5 19. Rxc5 Rd8 20. Nc3
Rdd7 21. Nxd5 cxd5 22. Rdc1 Rxc5 23. Rxc5 Bb7 24. Kf1 Kf8 25. a4 Ke7 26. b4 Kd6
27. Ke2 Rc7 28. Rxc7 Kxc7 29. Kd3 Kd6 30. Bd1 a6 31. f4 f6 32. g3 e5 33. h4 g6
34. h5 Bc8 35. h6 Bd7 36. fxe5+ fxe5 37. g4 g5 38. Ke3 Ke6 39. Be2 Bxa4 40.
Bxa6 d4+ 41. Kd3 Kd5 42. Bc8 e4+ 43. Ke2 d3+ 44. Ke1 Kd4 45. Bf5 e3 0-1

[Event "IV C.to Italiano U21"]
[Site "Laveno-Mombello ITA"]
[Date "1996.07.??"]
[Round "?"]
[White "Arnetta, Marianna"]
[Black "Isella, Lorenzo"]
[Result "1/2-1/2"]
[WhiteElo "1621"]
[BlackElo "1681"]
[PlyCount "82"]
[EventDate "1996.07.27"]

1. e4 e6 2. d4 d5 3. exd5 exd5 4. Bd3 c5 5. dxc5 Bxc5 6. Nc3 Nc6 7. Nge2 Nge7
8. O-O O-O 9. Bf4 Ng6 10. Bxg6 hxg6 11. Nxd5 Bg4 12. Ndc3 Qxd1 13. Raxd1 Bf5
14. Rd2 Rad8 15. Rfd1 Rxd2 16. Rxd2 Bb4 17. a3 Ba5 18. b4 Bb6 19. Nd5 Re8 20.
Kf1 Bd8 21. f3 Ne5 22. Bxe5 Rxe5 23. g4 Be6 24. c4 Kf8 25. Rd4 Bxd5 26. Rxd5
Rxd5 27. cxd5 Ke7 28. Nc3 Kd6 29. Nb5+ Kxd5 30. Nxa7 Kc4 31. Ke2 Kb3 32. Nb5
Ka4 33. Nd6 Kxa3 34. Nxb7 Bc7 35. Nc5 Bd6 36. Ne4 Bxh2 37. b5 Kb4 38. b6 Kb5
39. b7 Kb6 40. Ng5 f5 41. Ne6 fxg4 1/2-1/2